Fratellanza : Brotherhood /

সংরক্ষণ করুন:
গ্রন্থ-পঞ্জীর বিবরন
প্রধান লেখক: Mechlenburg, Jesper (সুরকার), Brenting, Simon (সুরকার)
অন্যান্য লেখক: Trier Mork, Laust (ছবি তোলা), Donato, Nicolo (পরিচালক, চিত্রনাট্যকার), Lindhardt, Thure (অভিনেতা), Bro, Nicolas (অভিনেতা), Flygare, Claus (অভিনেতা), Hedelund, Hanne (অভিনেতা), Simonsen, Lars (অভিনেতা), Dencik, David (অভিনেতা), Birch, Rasmus (চিত্রনাট্যকার)
বিন্যাস: স্লাইড্
ভাষা:ইতালিয়
ডেনিশ
প্রকাশিত: [Roma] : Luckyred Homevideo, ©2010
ট্যাগগুলো: ট্যাগ যুক্ত করুন
কোনো ট্যাগ নেই, প্রথমজন হিসাবে ট্যাগ করুন!

MARC

LEADER 00000ngm a22000007i 4500
001 IT\ICCU\RAV\1930501
003 ItRI
005 20260124182918.0
008 110105s2010 it |||||||||||||||k|||||c
024 3 1 |a 5051891080225  |b versione vendita 
024 3 1 |a 8022469070792 
028 4 2 |a 1000374562 
028 4 2 |a AK2RF07055  |b versione noleggio 
028 4 2 |a AK2SF07079 
040 |b ita 
041 7 |a ita  |a dan  |2 ISO-639-2 
130 0 |a Broderskab <film ; 2009>  |3 IT\ICCU\RAV\1930502 
245 0 0 |a Fratellanza :  |b Brotherhood /  |c un film di Nicolo Donato ; sceneggiatura Nicolo Donato, Rasmus Birch ; fotografia Laust Trier Mork ; musiche Jesper Mechlenburg & Simon Brenting. 
260 |a [Roma] :  |b Luckyred Homevideo,  |c ©2010 
300 |a 1 DVD-Video (ca. 97 min.) ;  |c in contenitore, 19 cm 
500 |a Caratteristiche tecniche: regione 2; PAL; 2.35:1, 16:9; DVD 9; Dolby digital 5.1; color 
500 |a Titolo del contenitore 
500 |a Produzione cinematografica Danimarca/Svezia 2009 
500 |a Interpreti: Thure Lindhardt, David Dencik, Nicolas Bro, Claus Flygare, Hanne Hedelund, Lars Simonsen 
500 |a Lingue: italiano, danese; sottotitoli: italiano non udenti 
500 |a Contenuti extra: intervista al regista, trailer 
500 |a Vietato ai minori di 14 anni. 
700 1 |a Trier Mork, Laust  |0 IT\ICCU\PARV\568028  |4 pht 
700 1 |a Donato, Nicolo  |0 IT\ICCU\RAVV\085498  |4 drt 
700 1 |a Donato, Nicolo  |0 IT\ICCU\RAVV\085498  |4 sce 
700 1 |a Mechlenburg, Jesper  |0 IT\ICCU\RAVV\085533  |4 cmp 
700 1 |a Brenting, Simon  |0 IT\ICCU\RAVV\085535  |4 cmp 
700 1 |a Lindhardt, Thure  |0 IT\ICCU\RAVV\085536  |4 act 
700 1 |a Bro, Nicolas  |0 IT\ICCU\RAVV\085537  |4 act 
700 1 |a Flygare, Claus  |0 IT\ICCU\RAVV\085562  |4 act 
700 1 |a Hedelund, Hanne  |0 IT\ICCU\RAVV\085569  |4 act 
700 1 |a Simonsen, Lars  |0 IT\ICCU\RAVV\085637  |4 act 
700 1 |a Dencik, David  |0 IT\ICCU\UBOV\185237  |4 act 
700 1 |a Birch, Rasmus  |0 IT\ICCU\VIAV\133047  |4 sce 
942 |2 ddc  |c VM  |n 0 
952 |0 0  |1 0  |4 0  |6 VO_1829_000000000000000  |7 0  |9 27959  |a BO  |b BO  |d 2026-01-24  |i 14615  |l 0  |o VO 1829  |p BO14615  |r 2026-01-24 18:29:18  |w 2026-01-24  |x [Sebina 5] [1 dvd]  |y VM  |z 1 dvd 
952 |0 0  |1 0  |4 0  |6 VO_2277_000000000000000  |7 0  |9 27960  |a BO  |b BO  |d 2026-01-24  |i 18506  |l 0  |o VO 2277  |p BO18506  |r 2026-01-24 18:29:18  |w 2026-01-24  |x [Sebina 5] [1 dvd]  |y VM  |z 1 dvd 
999 |c 23699  |d 23699